ley del sistema de garantias reciprocas para la micro, pequeña y mediana empresa/ (Registro nro. 8441)

Detalles MARC
000 -LEADER
fixed length control field 01093nam a2200181Ia 4500
005 - FECHA Y HORA DE LA ÚLTIMA TRANSACCIÓN
control field 20241129135900.0
008 - FIXED-LENGTH DATA ELEMENTS--GENERAL INFORMATION
fixed length control field 230621s9999 xx 000 0 und d
040 ## - CATALOGING SOURCE
Original cataloging agency UPAN
Transcribing agency Biblioteca San Vicente
Description conventions RCAA2
041 ## - LANGUAGE CODE
Language code of text/sound track or separate title spa
082 ## - DEWEY DECIMAL CLASSIFICATION NUMBER
Classification number 348.023
Item number S974l
año de publicación 2001
110 ## - MAIN ENTRY--CORPORATE NAME
Corporate name or jurisdiction name as entry element Superintendencia del sistema financiera
245 #0 - TITLE STATEMENT
Title ley del sistema de garantias reciprocas para la micro, pequeña y mediana empresa/
Remainder of title Superintendencia del sistema financiera
260 ## - PUBLICATION, DISTRIBUTION, ETC. (IMPRINT)
Place of publication, distribution, etc El Salvador;
Date of publication, distribution, etc 2001,
300 ## - PHYSICAL DESCRIPTION
Extent 38 p.:
Dimensions 24 cm.
505 ## - FORMATTED CONTENTS NOTE
Formatted contents note Capitulo preliminar. Disposiciones preliminares<br/>Capitulo I. Sociedades de garantías reciproca<br/>Capitulo II. Administración<br/>Capitulo III. Capital mínimo, fondo patrimonial y aplicación de reservas<br/>Capitulo IV. De las operaciones<br/>Capitulo V. Fideicomiso para el desarrollo del sistema de garantías reciprocas<br/>Capitulo VI. Reafianzadora de sociedades de garantía reciproca<br/>Capitulo VII. Fusión, regularización, disolución y liquidación <br/>Capitulo VIII. Transitorios<br/>Capitulo IX. Vigencia
650 ## - SUBJECT ADDED ENTRY--TOPICAL TERM
Source of heading or term LEMB
Topical term or geographic name as entry element Normas
General subdivision Legislación
942 ## - ADDED ENTRY ELEMENTS (KOHA)
Koha item type Libros
Source of classification or shelving scheme Dewey Decimal Classification
Existencias
Withdrawn status Lost status Source of classification or shelving scheme Damaged status Not for loan Collection code Home library Current library Date acquired Total Checkouts Full call number Barcode Date last seen Copy number Price effective from Koha item type
    Dewey Decimal Classification     Colección General Biblioteca UPAN San Vicente Biblioteca UPAN San Vicente 22/06/2023   348.023 S974l 12001037 22/06/2023 01 22/06/2023 Libros